Wazne daty Polski i inne... - Statystyki

Ogólne statystyki
  • Ten quiz został rozwiązany 88 razy
  • Średni wynik to 14 z 19
Statystyki odpowiedzi
Podpowiedź Odpowiedź % Poprawnych
Liczba powstań sląskich w czasach 1919-1921.r 3
95%
zakończenie II wojny swiatowej 1945
94%
Pierwsza stolica Polski Gniezno
90%
rok zamachu na papieza Jana Pawła II 1981
88%
stan wojenny 1981
88%
Rok dołączenia Polski do NATO 1999
86%
Powstanie w getcie Warszawskim 1943
85%
Rok wybrania Karola Wojtyły na papieza 1978
83%
Polski Dywizjon który walczył w bitwie o Anglie 303
83%
Najwieksza wyspa Afryki, kiedys byla mozliwą polską kolonią Madagaskar
81%
I Rozbiór Polski 1772
79%
Powstanie Kosciuszkowskie 1794
66%
Imię misia który walczył w bitwie o Monte Cassino Wojtek
66%
Potop Szwedzki data rozpoczęcia 1655
63%
Rozbicie dzielnicowe 1138
61%
Unia Lubelska 1569
60%
Pierwszy Polski król elekcyjny Henryk Walezy
60%
utworzenie księstwa warszawskiego 1807
55%
Miejsce zatwierdzenia II rozbioru Polski przez sejm Grodno
15%
Nie znaleziono quizów pasujących do podanych kryteriów
Rozkład punktacji
Procent ludzi z każdym wynikiem
Percentyl według liczby udzielonych odpowiedzi
Twoja historia wyników
Nie rozwiązałeś tego quizu